The wonderful wizard of oz
| Main Author: | |
|---|---|
| Other Authors: | |
| Format: | Book |
| Published: |
s.l. :
Troll Associates ,
1993
|
| Series: | Troll Illustrated Classics
|
| Subjects: |
MARC
| LEADER | 00000cam a2200000 7i4500 | ||
|---|---|---|---|
| 001 | 0000001083 | ||
| 002 | 000001198 | ||
| 005 | 20000330.0 | ||
| 020 | |a 0816728658 | ||
| 090 | 0 | 0 | |a JF |b BAU |
| 100 | 1 | |a Baum, L. Frank | |
| 245 | 1 | 4 | |a The wonderful wizard of oz |c L. Frank Baum ; illustrated by Tom Newsom |
| 260 | |a s.l. : |b Troll Associates , |c 1993 | ||
| 300 | |a 48p. : |b ill. ; |c 28cm. | ||
| 490 | 0 | |a Troll Illustrated Classics | |
| 650 | 0 | 0 | |a Children's stories |
| 700 | 1 | |a Newsom, Tom , |e illustrated by | |
| 999 | |a 031576 |b BUKU |c JUNIOR FICTION |e PERPUSTAKAAN KOMUNITI PETALING JAYA | ||